|
|
|
|
| LEADER |
00744nta a2200217 i 4500 |
| 001 |
dokt8472 |
| 005 |
20221122091538.0 |
| 008 |
221122s1971 hu om 0|| hun d |
| 040 |
|
|
|a SZTE Doktori Repozitórium
|b hun
|
| 041 |
|
|
|a hun
|
| 100 |
1 |
|
|a Fodor István
|
| 245 |
1 |
2 |
|a A foetoplacentális egység szteroidjainak és enzimeinek vizsgálata
|h [elektronikus dokumentum] /
|c Fodor István
|
| 260 |
|
|
|c 1971
|
| 502 |
|
|
|a Disszertacio
|
| 650 |
|
4 |
|a kémiai tudományok
|
| 650 |
|
4 |
|a Természettudományok
|
| 650 |
|
4 |
|a Biológiai tudományok
|
| 650 |
|
4 |
|a Biokémia és molekuláris biológia
|
| 695 |
|
|
|a Kémia
|
| 700 |
1 |
|
|a Matkovics Béla
|e ths
|
| 856 |
4 |
0 |
|u https://doktori.bibl.u-szeged.hu/id/eprint/8472/1/1971_fodor_istvan.pdf
|z Dokumentum-elérés
|